Revista chilena de historia del Derecho. /

En 1959, la Facultad de Ciencias jurídicas y sociales de la Universidad de Chile comenzó la publicación de la Revista chilena de historia del Derecho, que se ocupó de las materias en que el derecho podía ser considerado como un objeto histórico. Su primer director fue Alamiro de Ávila Martel. En la...

Descripción completa

Detalles Bibliográficos
Autor Corporativo: Universidad de Chile Facultad de Derecho Departamento de Ciencia del Derecho Centro de Investigaciones de Historia del Derecho
Formato: Revista
Lenguaje:español
Publicado: Santiago, Chile Universidad de Chile, Facultad de Derecho 1959
Materias:
Acceso en línea:

MARC

LEADER 00000cas a2200000 a 4500
001 039696
003 UAHC_CL
005 20170803124404.0
008 091104b1959 cl 000 spa
022 |a 07165447 
040 |a UAHC_CL  |c UAHC_CL  |d UAHC_CL 
245 1 0 |a Revista chilena de historia del Derecho. /  |c Facultad de Derecho, Universidad de Chile. 
260 |b Universidad de Chile, Facultad de Derecho  |a Santiago, Chile  |c 1959 
300 |a v. 
520 |a En 1959, la Facultad de Ciencias jurídicas y sociales de la Universidad de Chile comenzó la publicación de la Revista chilena de historia del Derecho, que se ocupó de las materias en que el derecho podía ser considerado como un objeto histórico. Su primer director fue Alamiro de Ávila Martel. En la actualidad continua vigente como principal referente para los investigadores de la historia del derecho. 
650 4 |a DERECHO  |v PUBLICACIONES PERIODICAS  |z CHILE 
650 4 |a DERECHO  |x HISTORIA 
710 1 |a Universidad de Chile  |b Facultad de Derecho  |b Departamento de Ciencia del Derecho  |b Centro de Investigaciones de Historia del Derecho 
900 |a REV. CHIL. HIST. DERECHO.-18/99,00 
942 |c REV 
952 |0 0  |1 0  |4 0  |6 REV___CHIL__HIST__DERECHO_18_9900  |7 0  |8 General  |9 75317  |a BC  |b BC  |c General  |d 2017-08-03  |l 0  |o REV. CHIL. HIST. DERECHO.-18/99,00  |p 1374100  |r 2019-01-03 00:00:00  |t 1  |w 2017-08-03  |y REV 
999 |c 39696  |d 39696